00394nam a2200121 a 450000100100000000500170001000800410002704000250006811000430009324500700013626000460020630000200025200003797120201002031138.0130311s19uu dr 000 0 spa d aDO-SdBNPbspacBNPHU1 aRepública DominicanabAlianza País13aLa puerta de entrada en Alianza País :bguía del facilitador. aSanto Domingo :bAlianza País,c[20-?]. a22 p. ;c22 cm.